Królowie Polski - Quiz Obrazkowy - Statystyki

Ogólne statystyki
  • Ten quiz został rozwiązany 322 razy
  • Średni wynik to 9 z 26
Statystyki odpowiedzi
Obrazkowy Odpowiedź % Poprawnych
Jan III Sobieski
69%
Stanisław August Poniatowski
68%
Władysław II Łokietek
68%
Jadwiga Andegaweńska
64%
Bolesław I Chrobry
56%
Mieszko II
54%
Henryk Walezy
45%
Stefan Batory
44%
Zygmunt III Waza
40%
Anna Jagiellonka
38%
August II Mocny
35%
Zygmunt I Stary
30%
Jan I Olbracht
29%
Zygmunt II August
29%
Władysław II Jagiełło
26%
August III Sas
25%
Kazimierz IV Jagiellończyk
25%
Przemysł II
25%
Michał Korybut Wiśniowiecki
23%
Stanisław Leszczyński
23%
Władysław III Warneńczyk
18%
Władysław IV Waza
18%
Bolesław II Szczodry
17%
Jan II Kazimierz Waza
17%
Ludwik Węgierski
16%
Aleksander Jagiellończyk
11%
Nie znaleziono quizów pasujących do podanych kryteriów
Rozkład punktacji
Procent ludzi z każdym wynikiem
Percentyl według liczby udzielonych odpowiedzi
Twoja historia wyników
Nie rozwiązałeś tego quizu